| 000 | 00571nam a22001817a 4500 | ||
|---|---|---|---|
| 999 |
_c525048 _d525048 |
||
| 003 | NUST | ||
| 005 | 20190628052338.0 | ||
| 008 | 190628b ||||| |||| 00| 0 eng d | ||
| 038 | _aMr.Atta | ||
| 082 | _a620.1 | ||
| 100 |
_aNasir Sattar _915837 |
||
| 245 |
_aWheel Liftoff Modeling and Bifurcation Analysis for the Roll Dynamics of a Full Vehicle Non-Linear Model / _cNasir Sattar |
||
| 260 |
_aIslamabad : _bCEME NUST, _c2014. |
||
| 300 |
_aill : 79 p. ; _c30cm. |
||
| 500 | _aHardcover. | ||
| 600 |
_aMechanical Engineering - MS - Thesis _915652 |
||
| 942 |
_2ddc _cTHE |
||